Deutsche Forschungen zur Geschichte und Kultur der Kaschuben
| Titel: | Deutsche Forschungen zur Geschichte und Kultur der Kaschuben / Roland Borchers |
|---|---|
| Verfasser: | |
| In: |
Preußenland, Band 8 (2017), Seite 184-205 alle Artikel anzeigen |
| Veröffentlicht: | 2017 [2018] |
| Format: | Aufsatz |
| Sprache: | Deutsch |
X
alg: 43227082 001A $03025:05-06-18 001B $01999:05-06-18 $t22:50:29.000 001C $03025:05-06-18 $t10:21:31.000 001D $03025:05-06-18 001U $0utf8 001X $00 002@ $0Aou 002C $aText $btxt $2rdacontent 002D $aohne Hilfsmittel zu benutzen $bn $2rdamedia 002E $aBand $bnc $2rdacarrier 003@ $0432270825 007A $0432270825 $aHEB 010@ $ager 010E $erda 011@ $a2017 $n2017 [2018] 021A $aDeutsche Forschungen zur Geschichte und Kultur der Kaschuben $hRoland Borchers 028A $BVerfasser $4aut $71067344209 $8Borchers, Roland$Z1980- [Tp3] $9355497581 031A $d8 $g26 $h184-205 $j2017 039B $aEnthalten in $8--Abvc--. Preußenland. - Osnabrück : Fibre-Verl., 1963-. - ISSN 0032-7972 $x201700000080000816 $9047115017 044K $RPomoranen $#Kashubes $#Kassubes $#Kaszuby $74029854-1 $8Kaschuben [Ts1] $9085078999 044K $RSchrifttum $RGeschichtswissenschaft $#Historiography $#Historiographie $#Historiographie $#Historiografie $#Historisierung $74020531-9 $8Geschichtsschreibung [Ts1] $9085049425 044K $RVerzeichnis $RInformationsmittel $RKatalog $RLiteraturbericht $RNeuerwerbungsliste $RBibliograf $RBibliografin $#Bibliography $#Bibliographie $#Bibliography, Critical $#Bibliographie critique $#Bibliographie $#Abstract Formschlagwort $#Bücherverzeichnis $#Literaturdokumentation Formschlagwort $#Literaturverzeichnis $#Publikationen Formschlagwort $#Repertorium Bibliografie $#Werke Formschlagwort $#Bibliografien $#Bibliographien $74006432-3 $8Bibliografie [Ts1] $9085009210 044K $RElb- und Ostseeslawisch $#Kassubisch $#Pomeranisch $#Pomoranisch $74120216-8 $8Kaschubisch [Ts1] $9085382647 044K $RLinguistik $RKontrastive Linguistik $#Comparative linguistics $#Linguistique comparée $#Linguistica comparata $#Lingüística comparada $#Historisch-vergleichende Sprachwissenschaft $#Komparatistik Linguistik $#Sprachvergleichung $#Vergleichende Linguistik $74187739-1 $8Vergleichende Sprachwissenschaft [Ts1] $9085921483 045R $aGeschichte 1890-2000 045T $a8,1 lok: 43227082 78 exp: 43227082 78 1 #EPN 201B/01 $005-06-18 $t10:14:27.000 201C/01 $005-06-18 201U/01 $0utf8 203@/01 $01023016532 208@/01 $a05-06-18 $be 209A/01 $a/ $f000 $x00 209A/01 $ab*p $x01 220C/01 $akoe 247C/01 $82080>Marburg/Lahn, Herder-Institut, Forschungsbibliothek, Bibliographieportal $9336309341
| LEADER | 00000caa a2200000 c 4500 | ||
|---|---|---|---|
| 001 | 432270825 | ||
| 003 | DE-603 | ||
| 005 | 20180605225029.0 | ||
| 007 | tu | ||
| 008 | 180605s2017 xx |||| | u00||u|ger c | ||
| 035 | |a (DE-599)HEB432270825 | ||
| 040 | |a DE-603 |b ger |c DE-603 |d DE-603 |e rda | ||
| 041 | |a ger | ||
| 084 | |a 8,1 |2 ssgn | ||
| 100 | 1 | |a Borchers, Roland |d 1980- |e Verfasser |4 aut |0 (DE-603)355497581 |0 (DE-588)1067344209 |2 gnd | |
| 245 | 0 | 0 | |a Deutsche Forschungen zur Geschichte und Kultur der Kaschuben |c Roland Borchers |
| 264 | 0 | |c 2017 [2018] | |
| 336 | |a Text |b txt |2 rdacontent | ||
| 337 | |a ohne Hilfsmittel zu benutzen |b n |2 rdamedia | ||
| 338 | |a Band |b nc |2 rdacarrier | ||
| 648 | 7 | |a Geschichte 1890-2000 |2 gnd | |
| 650 | 7 | |a Kaschuben |0 (DE-588)4029854-1 |0 (DE-603)085078999 |2 gnd | |
| 650 | 7 | |a Geschichtsschreibung |0 (DE-588)4020531-9 |0 (DE-603)085049425 |2 gnd | |
| 650 | 7 | |a Bibliografie |0 (DE-588)4006432-3 |0 (DE-603)085009210 |2 gnd | |
| 650 | 7 | |a Kaschubisch |0 (DE-588)4120216-8 |0 (DE-603)085382647 |2 gnd | |
| 650 | 7 | |a Vergleichende Sprachwissenschaft |0 (DE-588)4187739-1 |0 (DE-603)085921483 |2 gnd | |
| 773 | 0 | 8 | |i Enthalten in |t Preußenland |d Osnabrück : Fibre-Verl., 1963- |h 24 cm |x 0032-7972 |g Band 8 (2017), Seite 184-205 |w (DE-603)047115017 |w (DE-600)123737-8 |
| 924 | 0 | |9 2080 |a (DE-603)1023016532 |b DE-2080 |c HES |d d |g / | |


